Statystyki dla Stolice leżące w pobliżu równika

Kliknij tutaj aby rozwiązać quiz!

Ogólne statystyki

  • Ten quiz został rozwiązany 17 razy
  • Średni wynik to 9 z 20

Statystyki odpowiedzi

Szerokość geograficznaStolica% Poprawnych
4°36′NBogota
82%
4°20′SKinszasa
76%
0°15′SQuito
76%
1°17′SNairobi
71%
4°16′SBrazzaville
65%
3°09′NKuala Lumpur
53%
0°19′NKampala
47%
1°57′SKigali
47%
2°02′NMogadiszu
47%
1°17′NSingapur
47%
3°52′NJaunde
41%
4°11′NMale
41%
0°23′NLibreville
35%
3°45′NMalabo
35%
0°20′NSão Tomé
35%
3°26′SGitega
24%
4°22′NBangi
18%
4°37′SVictoria
18%
0°33′SYaren
12%
1°26′NTarawa
6%

Rozkład punktacji

Percentyl według liczby udzielonych odpowiedzi

Procent ludzi z każdym wynikiem

Twoja historia wyników

Nie rozwiązałeś tego quizu